Lengua y literatura : (Registro nro. 8192)

Detalles MARC
000 -LEADER
fixed length control field 02928nam a2200361 a 4500
001 - CONTROL NUMBER
control field 000012773
003 - CONTROL NUMBER IDENTIFIER
control field DO-SdBNP
005 - DATE AND TIME OF LATEST TRANSACTION
control field 20160525113205.0
007 - PHYSICAL DESCRIPTION FIXED FIELD--GENERAL INFORMATION
fixed length control field 000012773
008 - FIXED-LENGTH DATA ELEMENTS--GENERAL INFORMATION
fixed length control field 091117s2014 dr ac 000 0 spa d
020 ## - INTERNATIONAL STANDARD BOOK NUMBER
International Standard Book Number 9789945118315 (v. 1)
020 ## - INTERNATIONAL STANDARD BOOK NUMBER
International Standard Book Number 9789945118322 (v. 2)
020 ## - INTERNATIONAL STANDARD BOOK NUMBER
International Standard Book Number 9789945118339 (v. 3)
020 ## - INTERNATIONAL STANDARD BOOK NUMBER
International Standard Book Number 9789945118094 (v. 4)
040 ## - CATALOGING SOURCE
Original cataloging agency BPMSU
Language of cataloging spa
Transcribing agency BPMSU
092 ## - LOCALLY ASSIGNED DEWEY CALL NUMBER (OCLC)
Classification number xxxx
Item number xxxx
100 1# - MAIN ENTRY--PERSONAL NAME
Personal name Incháustegui, María Isabel
245 10 - TITLE STATEMENT
Title Lengua y literatura :
Remainder of title educación media /
Statement of responsibility, etc. María Isabel Incháustegui (dominicana) ; ilustración Ruddy Núñez, José Amado Polanco y Tulio Matos.
260 ## - PUBLICATION, DISTRIBUTION, ETC. (IMPRINT)
Place of publication, distribution, etc. Santo Domingo :
Name of publisher, distributor, etc. Santillana,
Date of publication, distribution, etc. 2014.
300 ## - PHYSICAL DESCRIPTION
Extent v. :
Other physical details il., retrs. ;
Dimensions 28 cm.
490 1# - SERIES STATEMENT
Series statement Innova
500 ## - GENERAL NOTE
General note Este libro ha sido realizado de conformidad con el currículum vigente y ha sido sometido a la aprobación del MINERD.
505 0# - FORMATTED CONTENTS NOTE
Miscellaneous information v. 1
-- Primer de bachillerato 1er. grado/ 1er. Ciclo
Title Crear y recrear mundos imaginarios --
-- Orgullo de mi tierra --
-- Van Gogh: los últimos paisajes --
-- Un retrato sorprendente --
-- Pasarla bien: ¿radiografía de nuestro tiempo? --
-- El poder de la palabra --
-- Árboles que florecen en nuestro país --
-- Nuestros océanos. Oportunidades y desafios
-- Diálogos en los medios --
-- Medios masivos: constructores de realidad --
Miscellaneous information v. 2
-- Segundo de bachillerato 2do. grado /1er. Ciclo --
Title Amo, luego existo --
-- Lecciones ambientales del pasado --
-- Un proyecto de nación --
-- ¿Podrá Marte sustentar la vida? --
-- Personajes: ¿reales o ficticios? --
-- Sí se puede --
-- Lleva tu biblioteca en el bolsillo --
-- La seguridad vial, un problema de todos --
-- El reality show --
-- Estilos de vida saludables --
Miscellaneous information v. 3
-- tercer de bachillerato 1er. grado/ 2do. Ciclo --
Title America: nuestra magna patria --
-- Hagamos un pacto: respetemos la vida --
-- Conflictos sobre el escenario --
-- Esas maravillosas partíiculas --
-- Testigos de excepcion --
-- ¡Un donante podría salvar tu vida! --
-- Mundos desbordantes de imaginación --
-- Vesos, estrofas y poemas --
-- La moral social --
-- Entre dictaduras y resoluciones --
Miscellaneous information v. 4
-- Cuarto de bachillerato 2do grado/2do. ciclo /
Title Guía didáctica --
-- Emulemos a Duarte --
-- Publicidad a través de tabletas --
-- Cuando quien narra es mujer --
-- Leer un libro: en el nombre de Salomé --
-- Joyas que están desapareciendo --
-- Gestión de riesgos sísmicos --
-- Poesía y contexto --
-- El espíritu emprendedor --
-- Leer un libro: Pedro Páramo --
-- La revolución en la biología --
-- Reflexiones sobre nuestra historia --
-- Medios que crean opinión --
-- Literatura universal --
700 12 - ADDED ENTRY--PERSONAL NAME
Personal name Núñez, Ruddy,
Relator term il.
700 12 - ADDED ENTRY--PERSONAL NAME
Personal name Polanco, José Amado,
Relator term il.
700 12 - ADDED ENTRY--PERSONAL NAME
Personal name Matos, Tulio,
Relator term il.
830 #0 - SERIES ADDED ENTRY--UNIFORM TITLE
Uniform title Innova
930 #1 - EQUIVALENCE OR CROSS-REFERENCE-UNIFORM TITLE HEADING [LOCAL, CANADA]
Language of a work BND01
Medium of performance for music LF1
Field link and sequence number 20091117
Date of a work 01
Name of part/section of a work CT
Miscellaneous information 7732
942 ## - ADDED ENTRY ELEMENTS (KOHA)
Source of classification or shelving scheme Dewey Decimal Classification
Koha item type Libros
956 ## - LOCAL ELECTRONIC LOCATION AND ACCESS (OCLC)
Host name DGARCIA
Access number 10
Compression information 20150807
Logon BND01
Processor of request 0943
956 ## - LOCAL ELECTRONIC LOCATION AND ACCESS (OCLC)
Host name LOPEREZ
Access number 10
Compression information 20150811
Logon BND01
Processor of request 1148
956 ## - LOCAL ELECTRONIC LOCATION AND ACCESS (OCLC)
Host name VMATEO
Access number 10
Compression information 201508
Logon BPMSU
Processor of request 00151
Existencias
Withdrawn status Lost status Source of classification or shelving scheme Damaged status Not for loan Collection code Home library Current library Date acquired Total Checkouts Barcode Date last seen Copy number Price effective from Koha item type
    Dewey Decimal Classification       Biblioteca Pública Metropolitana Salomé Ureña Biblioteca Pública Metropolitana Salomé Ureña 08/13/2015   BPMUS15080361 08/13/2015 v. 1 08/13/2015 Libros
    Dewey Decimal Classification       Biblioteca Pública Metropolitana Salomé Ureña Biblioteca Pública Metropolitana Salomé Ureña 08/13/2015   BPMET15080362 08/13/2015 v. 2 08/13/2015 Libros
    Dewey Decimal Classification       Biblioteca Pública Metropolitana Salomé Ureña Biblioteca Pública Metropolitana Salomé Ureña 08/13/2015   BPMET15080363 08/13/2015 v. 3 08/13/2015 Libros
    Dewey Decimal Classification       Biblioteca Pública Metropolitana Salomé Ureña Biblioteca Pública Metropolitana Salomé Ureña 08/13/2015   BPMET15080364 08/13/2015 v. 4 08/13/2015 Libros